• 首页
  • 本馆介绍
  • 公告通知
  • 最新文献
  • 馆藏检索
  • 电子资源
  • 读者导购
  • 参考咨询
  • 我的图书馆
  • 登录
  • 详细信息显示
  • 放入我的书架
  • 预约/预借图书
  • 作者相关作品
  • 分类相关作品
  • 丛书相关作品
  • 出版社相关作品

书目信息

  • 表格格式
  • 工作单格式
  • 卡片格式
题名:
近代中国小学课程演变史
    
 
作者: 陈侠 著
分册:  
出版信息: 福州   福建教育出版社  2007
页数: 27,12,94页
开本: 21cm
丛书名: 二十世纪中国教育名著丛编
单 册:
中图分类: G629.29
科图分类:
主题词: 课程--演变--小学--中国--民国 , 课程
电子资源:
ISBN: 978-7-5334-4728-1
000 00944oam2 2200253 450
001 1255997420
005 20121006153355.09
010    @a978-7-5334-4728-1@dCNY10.00
100    @a20080102d2007 em y0chiy50 ea
101 0  @achi
102    @aCN@b350000
105    @ay z 000yy
200 1  @a近代中国小学课程演变史@Ajin dai zhong guo xiao xue ke cheng yan bian shi@f陈侠著
210    @a福州@c福建教育出版社@d2007
215    @a27,12,94页@d21cm
225 2  @a二十世纪中国教育名著丛编
330    @a本书对各期教育宗旨及目标、课程的演变及其特色、课程的实施及其成效进行了细致的分析,提出了自己的看法。内容包括:草创时期的小学课程,因袭时期的小学课程,改进时期的小学课程,革新时期的小学课程,现行小学课程的检讨等。
461  0 @12001 @a二十世纪中国教育名著丛编
606 0  @a课程@x演变@x小学@y中国@z民国
606 0  @a课程
690    @aG629.29@v4
701  0 @a陈侠@Achen xia@4著
801  0 @aCN@bNLC@c20101222
905    @a10447@dG629.29@eJY365
    
    近代中国小学课程演变史/陈侠著.-福州:福建教育出版社,2007
    27,12,94页;21cm.-(二十世纪中国教育名著丛编)
    
    
    ISBN 978-7-5334-4728-1:CNY10.00
    本书对各期教育宗旨及目标、课程的演变及其特色、课程的实施及其成效进行了细致的分析,提出了自己的看法。内容包括:草创时期的小学课程,因袭时期的小学课程,改进时期的小学课程,革新时期的小学课程,现行小学课程的检讨等。
●
相关链接 在E读中查询图书 在五车中查询图书 在当当中查询图书 在豆瓣中查询图书


正题名:近代中国小学课程演变史     索取号:G629.29/JY365         预约/预借

序号 登录号 条形码 馆藏地/架位号 状态 备注
1 7807502   278075020   学院路分馆/ [索取号:G629.29/JY365] 在馆    
2 7807503   278075039   学院路分馆/ [索取号:G629.29/JY365] 在馆    
3 7807504   278075048   学院路分馆/ [索取号:G629.29/JY365] 在馆    
唐山师范学院图书馆 欢迎您!
大连网信软件有限公司© 版权所有